Statistiques concernant Devinez le Pays Mystère #47

Cliquez ici pour prendre le quiz!

Statistiques générales

  • Ce quiz a été pris 245 fois
    (193 depuis la dernière actualisation)
  • Le résultat moyen est 12 sur 21

Statistiques - réponses

Type de RéponseRéponse% Correct
Lettre TrouvéeA
92%
Lettre Bien PlacéeA
85%
Lettre TrouvéeA
85%
Lettre TrouvéeN
85%
Lettre TrouvéeS
77%
Lettre TrouvéeE
75%
Lettre TrouvéeH
71%
Lettre TrouvéeG
59%
Lettre TrouvéeB
57%
Lettre Bien PlacéeA
48%
Lettre TrouvéeD
48%
Lettre Bien PlacéeN
45%
Lettre TrouvéeL
44%
Lettre Bien PlacéeB
38%
Pays MystèreBangladesh
38%
Lettre Bien PlacéeD
38%
Lettre Bien PlacéeE
38%
Lettre Bien PlacéeG
38%
Lettre Bien PlacéeH
38%
Lettre Bien PlacéeL
38%
Lettre Bien PlacéeS
38%

Distribution des résultats

Percentile par nombre de réponses

% des personnes avec chaque résultat

Votre développement - résultats

Vous n’avez pas pris ce quiz depuis la dernière actualisation